En defensa de Lastanosa / (Record no. 182395)

MARC details
000 -LEADER
campo de control de longitud fija 01061nam a2200205 i 4500
001 - NÚMERO DE CONTROL
campo de control 182395
003 - IDENTIFICADOR DE NÚMERO DE CONTROL
campo de control ES-MaACL
005 - FECHA Y HORA DE LA ÚLTIMA TRANSACCIÓN
campo de control 20230906221610.0
008 - DATOS DE LONGITUD FIJA--INFORMACIÓN GENERAL
campo de control de longitud fija 130808s1990 sp |||| | spa d
245 00 - MENCIÓN DEL TÍTULO
Título En defensa de Lastanosa /
Mención de responsabilidad, etc. Nicolás García Tapia, publicado en la Revista de Obras Públicas, junio de 1990, pp. 27-33. Rectificación de la Revista de Obras Públicas, publicada en julio-agosto de 1990, p. 41. Comentarios por Ángel del Campo, José A. García-Diego y Carmen Bernis, publicados en la Revista de Obras Públicas, septiembre de 1990, pp. 37-39.
260 ## - PUBLICACIÓN, DISTRIBUCIÓN, ETC.
Lugar de publicación, distribución, etc. [S.l. :
Nombre del editor, distribuidor, etc. s.n.,
Fecha de publicación, distribución, etc. 1990]
300 ## - DESCRIPCIÓN FÍSICA
Extensión P.27-41 :
Otras características físicas il. ;
Dimensiones 28 cm.
595 ## -
-- Separatas de: Revista de Obras Públicas, junio de 1990 (pp. 27-33), juli-agosto de 1990 (pp. 41) y septiembre de 1990 (pp. 37-39)
600 14 - PUNTO DE ACCESO ADICIONAL DE MATERIA--NOMBRE DE PERSONA
Nombre de persona Lastanosa, Pedro Juan de.
9 (RLIN) 149116
700 0# - ENTRADA AGREGADA--NOMBRE PERSONAL
Nombre de persona García Tapia, Nicolás.
9 (RLIN) 55319
700 0# - ENTRADA AGREGADA--NOMBRE PERSONAL
Nombre de persona García-Diego, José A.
9 (RLIN) 54541
700 1# - ENTRADA AGREGADA--NOMBRE PERSONAL
Nombre de persona Bernis, Carmen.
9 (RLIN) 153201
700 1# - ENTRADA AGREGADA--NOMBRE PERSONAL
Nombre de persona Campo y Francés, Angel del.
9 (RLIN) 151640
852 ## - LOCALIZACIÓN
Ubicación ES-MaACL
Número de control de estantería 2323-F-6
Holdings
Estatus retirado Estado de pérdida Estado de daño No para préstamo Colección Biblioteca de origen Biblioteca actual Ubicación en estantería Fecha de adquisición Fuente de adquisición Total de préstamos Signatura topográfica completa Código de barras Visto por última vez Precio de reemplazo Tipo de ítem Koha
        Colección de folletos Biblioteca del Ateneo de Madrid Biblioteca del Ateneo de Madrid Depósito folletos 08/08/2013     2323-F-6 1191673 23/02/2023 23/02/2023 Folleto